00653nam a2200241 a 4500001001300000003000900013005001700022008004100039020001000080082001500090100001800105245001700123260003100140300000800171500003500179505001200214650002200226700001800248902000800266942000700274952011500281999001500396nice12345678IN_TiNIC20260116011416.0050524s1924 teha grp 000 0 per  ac10000a269.2bMIK aMikailiyan, T aRah-E-Saleeb aTehranbNo Publisherc1924 a92p aincludes index and biblioraphy2 aIndexes aEvangelistic Work1 aMikailiyan, T bSRS cBK 001040708StackRoom-aHMIbHMId2007-07-13g100.00l0o269.2 MIKp02917r2007-07-13v100.00w2005-05-24yBK c1280d1280